| 000 | 00876nam a2200253Ia 4500 | ||
|---|---|---|---|
| 003 | GCL | ||
| 005 | 20240530104623.0 | ||
| 008 | 140319s9999 xx 000 0 ara d | ||
| 040 |
_aGCL / _cGCL |
||
| 082 | 0 | 4 |
_a953 _bن ف |
| 100 | 1 | _aنبيلة حسن محمد | |
| 245 | 1 | 0 |
_aفى تاريخ الحضارة الاسلامية / _cنبيلة حسن محمد |
| 260 |
_aالاسكندرية : _bدار المعرفة الجامعية |
||
| 300 |
_a328 ص؛ _b24 سم |
||
| 490 |
_aالهيئة العامة للاستعلامات _v0 |
||
| 650 | 0 | 4 | _aتاريخ |
| 650 | 0 | 4 | _aالاسلام |
| 650 | 0 | 4 | _aالحركات الفكرية عند المسلمين |
| 650 | 0 | 4 | _aالفلاسفة المسلمون |
| 650 | 0 | 4 | _aالحضارة الاسلامية |
| 650 | 0 | 4 | _aالنظم الاسلامية |
| 650 | 0 | 4 | _aالدولة الاسلامية |
| 942 |
_2ddc _cBK |
||
| 999 |
_c49262 _d49262 |
||